Pozycja Personal Name
Liczba rekordów, w których użyto hasła: 1
001 - Numer kontrolny
- control field: 23349
003 - Identyfikator numeru kontrolnego
- control field: OLSZT 008
005 - Data i czas ostatniej modyfikacji
- control field: 20241127220018.0
008 - Dane kontrolne kodowane (40 znaków)
- fixed length control field: 991007n||a|nnnabbn |a aaa |c
010 ## - Numer kontrolny Biblioteki Kongresu
- numer kontrolny LC: n 99710875
024 7# - OTHER STANDARD IDENTIFIER
- Standard number or code: http://nukat.edu.pl/aut/n 99710875
- Source of number or code: uri
024 7# - OTHER STANDARD IDENTIFIER
- Standard number or code: http://viaf.org/viaf/19055473
- Source of number or code: uri
024 7# - OTHER STANDARD IDENTIFIER
- Standard number or code: http://isni.org/isni/0000000116031256
- Source of number or code: uri
039 #9 -
- : 202112210015
- : VLOAD
- : 202112202243
- : VLOAD
- : 202112200009
- : VLOAD
- : 202112170831
- : fmim
- : 200205311352
- : load
040 ## - Instytucja sporządzająca rekord
- inst. przygot. dane do rek. khw: TOR U/DA
- inst. wprow. rek. khw: TOR U/DA
- inst. modyf. rek. khw: WR O/PC
- inst. modyf. rek. khw: KR U/MSo
- inst. modyf. rek. khw: WA U/MASZ
043 ## - Kod obszaru geograficznego
- ISO code: PL
046 ## - Special dates
- Birth date: 1958
100 1# - Hasło - nazwa osobowa
- nazwa osobowa w formie ujednoliconej: Hoffmann, Mirosław J.
- daty biograficzne: (1958- ).
368 ## - Other Attributes
- Title of person: doktor habilitowany.
370 ## - Associated place
- Country: Polska.
- Auth control #: http://nukat.edu.pl/aut/s 94110000
- Source of term: kaba
370 ## - Associated place
- Other assoc. place: Olsztyn (Polska, województwo warmińsko-mazurskie).
- Auth control #: http://nukat.edu.pl/aut/s 94114805
- Source of term: kaba
372 ## - Field of activity
- Field: Archeologia.
- Auth control #: http://nukat.edu.pl/aut/s 94205771
- Source of term: kaba
373 ## - Associated Group
- Associated group: Uniwersytet Warmińsko-Mazurski (Olsztyn). Instytut Historii i Stosunków Międzynarodowych.
- Auth control #: http://nukat.edu.pl/aut/n 02058228
373 ## - Associated Group
- Associated group: Muzeum Warmii i Mazur (Olsztyn).
- Auth control #: http://nukat.edu.pl/aut/n 95210554
374 ## - Occupation
- Occupation: Archeolodzy.
- Auth control #: http://nukat.edu.pl/aut/s 94205773
- Source of term: kaba
375 ## - Gender
- Gender: 1
- Source of term: iso5218
377 ## - Assoc lang
- Lang code: pol
400 1# - Trop zob. - nazwa osobowa
- nazwa osobowa (nazwisko, imiona): Hoffmann, Mirosław
- daty biograficzne: (1958- ).
400 1# - Trop zob. - nazwa osobowa
- nazwa osobowa (nazwisko, imiona): Hoffmann, Mirosław Janusz.
670 ## - Źródło informacji
- źródło informacji: Kp. Z zagadnień budownictwa mieszkalnego w późnej epoce brązu i wczesnej epoce żelaza w południowo-wschodniej strefie nadbałtyckiej / Mirosław J. Hoffmann. - Toruń, 1999. - Nadb. z: Szkice prahistoryczne : źródła-metody-interpretacje / [pod red. Stanisława Kukawki].
670 ## - Źródło informacji
- źródło informacji: Źródła do kultury i osadnictwa południowo-wschodniej strefy nadbałtyckiej w I tysiącleciu p.n.e. / Mirosław J. Hoffmann. - Olsztyn, 1999.
- gdzie znaleziono informację: Biogram
670 ## - Źródło informacji
- źródło informacji: I Warmińsko-Mazurska Sesja Sprawozdawcza za lata 2008-2012 poświęcona pamięci prof. J. Okulicza-Kozaryna : książka abstraktów = 1st Varmia-Masuria Report Session (for years 2008-2012) dedicated to the memory of prof. J. Okulicz-Kozaryn : abstract book / red. Mirosław Hoffmann, Maciej Karczewski, Sławomir Wadyl. - Białystok [etc.], 2013.
670 ## - Źródło informacji
- źródło informacji: Wydział Humanistyczny - UWM, 13.12.2021
- adres internetowy: http://wh.uwm.edu.pl/nowe/wh/sites/default/files/uploads/habilitacje/hoffmann_autoreferat.pdf
670 ## - Źródło informacji
- źródło informacji: Kp. Nazi ideology in the archeology of East Prussia / Mirosław Janusz Hoffmann // Echa Przeszłości. - Nr 12 (2011), s. 165-172.
670 ## - Źródło informacji
- źródło informacji: BNPol online, 13.12.2021
999 ## -
- : VIRTUA10 x